000
00246nam a22000857a 4500
008
160711b xxu||||| |||| 00| 0 eng d
100
_9
2588
_a
Haryal D
245
_a
History Class-XII
_b
Together with History
260
_a
New Delhi
_b
Rachna Publication
_c
2011
999
_c
2250
_d
2250